000 02839cam a22005414i 4500
001 u6044
003 PE-LiUPU
005 20250731184605.0
008 150617s1985 sp r 000 0 spa d
020 _a847228753X
_q(tomo I)
020 _a9788472287532
_q(tomo I)
035 _a(Sirsi) i9788472287532
040 _aPE-LiUPU
_bspa
_cPE-LiUPU
_erda
049 _aPRUA
082 _a933
_bJ83g
_223
100 1 _aJosefo, Flavio,
_eautor.
_d37-100
245 1 4 _aLas guerras de los judios /
_cFlavio Josefo.
264 1 _aBarcelona :
_bCLIE,
_c1985.
300 _a334 páginas ;
_c20 centímetros.
336 _atext
_2rdacontent
337 _aunmediated
_2rdamedia
338 _avolume
_2rdacarrier
505 0 _aTomo 1: En el cual se trata de la destrucción de Jerusalén hecha por Antíoco -- De los príncipes que sucedieron desde Jonatán hasta Aristóbulo -- Que trata de los hechos de Aristóbulo, Antíoco, Judas Eseo, Alejandro, Teodoro y Demetrio -- De la guerra de la Alejandro con Antíoco y Areta, y de Alejandro e Hircano -- De los sucesos de Herodes, y de la venganza del águila de oro que robaron -- De la batalla y muertes que hubo en Jerusalén entre los judíos y sabinianos -- De lo que Varrón hizo con los judíos que mando ahorcar -- De la venida del capitán Vespasiano, y de dos batallas de los judíos -- En el cual se describe Galilea, Samaria y Judea -- Cómo plácido vino contra Jotapata -- Cómo fue combatida Gadara -- Del cerco de Jotapata.
505 0 _aTOMO 2: Destrucción de Jotapata -- cómo se rindió Tiberiada -- De la destrucción de Gamala -- Principio de la destrucción de Jerusalén -- De la discordia que había en Jerusalén --De como Vespacioano gue elegido por emperador -- Tito enviado para acabar con la guerra de los judiós -- De los tres bando en que estaba dividida Jerusalén -- del sacrilegio que se hacia en el templo, y numero de muertos en la ciudad -- De como fueron minados los muros y quemados los montes de los romanos -- La destrucción de los judíos hecha en Antioquía -- De los judíos que fueron muertos en Cirene.
526 _aP136
526 _aP135
526 _aP134
526 _aP133
526 _aP144
526 _aP143
526 _aP87
526 _aP35
526 _aP20
526 _aP14
526 _aP10
526 _aP06
650 0 _aJudíos
_xHistoria
_yHasta el siglo I.
_92129
_2BLAAUTO
910 _ajck
910 _adbm
942 _2ddc
_cBK
980 _81
_gALBERTO SANCHEZ Responsable de Automatización
999 _c57136
_d57136